| 000 | 00744nam a2200193Ia 4500 | ||
|---|---|---|---|
| 003 | GCL | ||
| 005 | 20240530110056.0 | ||
| 008 | 140319s9999 xx 000 0 ara d | ||
| 040 |
_aGCL / _cGCL |
||
| 082 | 0 | 4 |
_a910 _bج ق |
| 100 | 1 | _aجودة حسنين جودة | |
| 245 | 1 | 0 |
_aقواعد الجغرافيا العامة: _cجودة حسنين جودة ؛ فتحى محمد ابوعيانة _bالطبيعية والبشرية / |
| 260 |
_aالاسكندرية : _bدار المعرفة الجامعية ، _c1994 |
||
| 300 |
_a560 ص ؛ _c24 سم |
||
| 650 | 0 | 4 | _aالجغرافيا الطبيعية |
| 650 | 0 | 4 | _aالجغرافيا البشرية |
| 700 | 1 |
_aفتحى محمد ابوعيانة _eمؤلف مشارك |
|
| 942 |
_2ddc _cBK |
||
| 999 |
_c58355 _d58355 |
||